| 000 | 00842nam a2200265 i 4500 | ||
|---|---|---|---|
| 001 | bg | ||
| 003 | KOSZ 005 | ||
| 005 | 20221013132855.0 | ||
| 008 | 071107s1968 pl a f 001 0 pol | ||
| 015 | _aPB 1968/10911 | ||
| 040 |
_aWA N _cKOSZ 005/RW _dKOSZ 005/RW |
||
| 080 | _a678 | ||
| 100 | 1 | _aOlczyk, Wiesław. | |
| 245 | 1 | 0 |
_aPoliuretany / _cWiesław Olczyk. |
| 260 |
_aWarszawa : _bWydawnictwa Naukowo-Techniczne, _c1968. |
||
| 300 |
_a410, [2] s. : _bil. ; _c25 cm. |
||
| 380 | _aKsiążki. | ||
| 490 | 1 | _aTworzywa Sztuczne. | |
| 504 | _aBibliogr. przy rozdz. | ||
| 650 | 4 | _aPoliuretany | |
| 710 | 2 |
_aWydawnictwa Naukowo-Techniczne _4pbl. |
|
| 856 |
_uhttp://koha.tu.koszalin.pl/cgi-bin/koha/opac-detail.pl?biblionumber=8035 _yKatalog online BPK |
||
| 830 | 0 | _aTworzywa Sztuczne | |
| 942 |
_2UKD _cKS |
||
| 999 |
_c8035 _d8035 |
||